X-Men Last Words - Statistics

General Stats
  • This quiz has been taken 20 times
  • The average score is 9 of 26
Answer Stats
Last Words Character Movie % Correct
ALEX!!! Armando Muñoz X-Men: First Class
67%
Save me. Jean Grey X-Men: The Last Stand
60%
Psylocke! Warren Worthington III X-Men: Apocalypse
60%
I see now... All is revealed... En Sabah Nur X-Men: Apocalypse
53%
So... this is what it feels like. James Howlett Logan
53%
This is our time. Our age. We are the future of the human race. You and me, son. This world could be ours. Sebastian Shaw X-Men: First Class
53%
Don't you people ever die?! Mortimer Toynbee X-Men
47%
Our boat...the Sunseeker. Charles Xavier Logan
40%
He's going to be so mad at me! Jason Stryker X2
40%
Well, I think you've got...one less person to...to be afraid of... Robert Kelly X-Men
40%
No. No. Scott Summers X-Men: The Last Stand
40%
Beware the light. Caliban Logan
33%
Mariko. It's me, your grandfather. Ichirō Yashida The Wolverine
33%
One day someone will finish what I've started, Wolverine! One day! One day William Stryker X2
33%
Hey, asshole! Alex Summers X-Men: Apocalypse
27%
It's funny how innocent people tend to die around you! David North X-Men Origins: Wolverine
27%
I'm not afraid of you. I'm afraid of dying. Chris Bradley X-Men Origins: Wolverine
20%
He did that! Get up! Donald Pierce Logan
20%
What's my name? Francis Freeman Deadpool
20%
Walk until you bleed... then keep walking! Kayla Silverfox X-Men Origins: Wolverine
20%
What kind of monster are you? Shingen Yashida The Wolverine
20%
He... He wasn't your father... Son... Thomas Logan X-Men Origins: Wolverine
20%
Precisely. Zander Rice Logan
20%
What are you doing? Mitchell Laurio X2
13%
You're one of them!? Robert Hendry X-Men: First Class
7%
You're in the big leagues now, kid! Ryan Reynolds Deadpool 2
7%
No matching quizzes found
Score Distribution
Percent of People with Each Score
Percentile by Number Answered
Your Score History
You have not taken this quiz